<?xml version="1.0" encoding="UTF-8"?>
<collection xmlns="http://www.loc.gov/MARC21/slim">
 <record>
  <leader>04594nam a2200457Ia 4500</leader>
  <controlfield tag="001">000154223</controlfield>
  <controlfield tag="003">UtOrBLW</controlfield>
  <controlfield tag="005">20220505203343.0</controlfield>
  <controlfield tag="005">20160316083946.0</controlfield>
  <controlfield tag="006">m     o  d</controlfield>
  <controlfield tag="007">cr un|||||||||</controlfield>
  <controlfield tag="008">160316s2016    enka    o     000 0 eng d</controlfield>
  <datafield tag="STA" ind1=" " ind2=" ">
   <subfield code="a">NEZPRACOVANÝ IMPORT</subfield>
  </datafield>
  <datafield tag="020" ind1=" " ind2=" ">
   <subfield code="a">9781785603525 (electronic bk.)</subfield>
  </datafield>
  <datafield tag="050" ind1=" " ind2=" ">
   <subfield code="a">HB172.5</subfield>
   <subfield code="b">.D96 2016</subfield>
  </datafield>
  <datafield tag="072" ind1=" " ind2=" ">
   <subfield code="a">KCH</subfield>
   <subfield code="2">bicssc</subfield>
  </datafield>
  <datafield tag="072" ind1=" " ind2=" ">
   <subfield code="a">BUS039000</subfield>
   <subfield code="2">bisacsh</subfield>
  </datafield>
  <datafield tag="080" ind1=" " ind2=" ">
   <subfield code="a">339</subfield>
  </datafield>
  <datafield tag="082" ind1=" " ind2=" ">
   <subfield code="a">339</subfield>
   <subfield code="2">23</subfield>
  </datafield>
  <datafield tag="245" ind1=" " ind2=" ">
   <subfield code="a">Dynamic factor models</subfield>
   <subfield code="h">[elektronický zdroj] /</subfield>
   <subfield code="c">edited by Eric Hillebrand, Siem Jan Koopman.</subfield>
  </datafield>
  <datafield tag="260" ind1=" " ind2=" ">
   <subfield code="a">Bingley, U.K. :</subfield>
   <subfield code="b">Emerald,</subfield>
   <subfield code="c">2016.</subfield>
  </datafield>
  <datafield tag="300" ind1=" " ind2=" ">
   <subfield code="a">1 online resource (410 p.) :</subfield>
   <subfield code="b">ill.</subfield>
  </datafield>
  <datafield tag="490" ind1=" " ind2=" ">
   <subfield code="a">Advances in econometrics,</subfield>
   <subfield code="x">0731-9053 ;</subfield>
   <subfield code="v">v. 35</subfield>
  </datafield>
  <datafield tag="505" ind1=" " ind2=" ">
   <subfield code="a">An overview of the factor-augmented error-correction model / Anindya Banerjee, Massimiliano Marcellino, Igor Masten -- Estimation of VAR systems from mixed-frequency data : the stock and the flow case / Lukas Koelbl ... [et al.] -- Modeling yields at the zero lower bound : are shadow rates the solution? / Jens H.E. Christensen, Glenn D. Rudebusch -- Dynamic factor models for the volatility surface / Michel van der Wel, Sait R. Ozturk, Dick van Dijk -- Analyzing international business and nancial cycles using multi-level factor models : a comparison of alternative approaches / Jo&lt;U+0308&gt;rg Breitung, Sandra Eickmeier -- Fast ML estimation of dynamic bifactor models : an application to European inflation / Gabriele Fiorentini, Alessandro Galesi, Enrique Sentana -- Country shocks, monetary policy expectations and ECB decisions. A dynamic non-linear approach / Maximo Camacho, Danilo Leiva-Leon, Gabriel Perez-Quiros -- Modelling financial markets comovements during crises : a dynamic multi-factor approach / Martin Belvisi, Riccardo Pianeti, Giovanni Urga -- Specification and estimation of Bayesian dynamic factor models : a Monte Carlo analysis with an application to global house price comovement / Laura E. Jackson ... [et al.] -- Small versus big-data factor extraction in dynamic factor models : an empirical assessment / Pilar Poncela, Esther Ruizy -- Regularized estimation of structural instability in factor models : the US macroeconomy and the great moderation / Laurent Callot, Johannes Tang Kristensen -- Dating business cycle turning points for the French economy : an MS-DFM approach / Catherine Doz, Anna Petronevich -- Common faith or parting ways? A time varying parameters factor analysis of euro-area inflation / Davide Delle Monache, Ivan Petrella, Fabrizio Venditti -- Nowcasting business cycles : a Bayesian approach to dynamic heterogeneous factor models / Antonello D'Agostino ... [et al.] -- On the selection of common factors for macroeconomic forecasting / Ale</subfield>
  </datafield>
  <datafield tag="520" ind1=" " ind2=" ">
   <subfield code="a">Dynamic factor models (DFM) constitute an active and growing area of research, both in econometrics, in macroeconomics, and in finance. Many applications lie at the center of policy questions raised by the recent financial crises, such as the connections between yields on government debt, credit risk, inflation, and economic growth. This volume collects a key selection of up-to-date contributions that cover a wide range of issues in the context of dynamic factor modeling, such as specification, estimation, and application of DFMs. Examples include further developments in DFM for mixed-frequency data settings, extensions to time-varying parameters and structural breaks, for multi-level factors associated with subsets of variables, in factor augmented error correction models, and in many other related aspects. A number of contributions propose new estimation procedures for DFM, such as spectral expectation-maximization algorithms and Bayesian approaches. Numerous applications are discussed, including the dating of business cycles, implied volatility surfaces, professional forecaster survey data, and many more.</subfield>
  </datafield>
  <datafield tag="588" ind1=" " ind2=" ">
   <subfield code="a">Print version record</subfield>
  </datafield>
  <datafield tag="650" ind1=" " ind2=" ">
   <subfield code="a">Business &amp; Economics</subfield>
   <subfield code="x">Economics</subfield>
   <subfield code="x">Macroeconomics.</subfield>
   <subfield code="2">bisacsh</subfield>
  </datafield>
  <datafield tag="650" ind1=" " ind2=" ">
   <subfield code="a">Econometrics.</subfield>
   <subfield code="2">bicssc</subfield>
  </datafield>
  <datafield tag="650" ind1=" " ind2=" ">
   <subfield code="a">Macroeconomics.</subfield>
  </datafield>
  <datafield tag="650" ind1=" " ind2=" ">
   <subfield code="a">Macroeconomics</subfield>
   <subfield code="x">Econometric models.</subfield>
  </datafield>
  <datafield tag="700" ind1=" " ind2=" ">
   <subfield code="a">Hillebrand, Eric.</subfield>
  </datafield>
  <datafield tag="700" ind1=" " ind2=" ">
   <subfield code="a">Koopman, S. J.</subfield>
   <subfield code="q">(Siem Jan)</subfield>
  </datafield>
  <datafield tag="776" ind1=" " ind2=" ">
   <subfield code="z">9781785603532</subfield>
  </datafield>
  <datafield tag="830" ind1=" " ind2=" ">
   <subfield code="a">Advances in econometrics ;</subfield>
   <subfield code="v">v. 35.</subfield>
  </datafield>
  <datafield tag="856" ind1="4" ind2="0">
   <subfield code="u">https://www.emerald.com/insight/publication/doi/10.1108/S0731-9053201635</subfield>
   <subfield code="y">Plný text</subfield>
  </datafield>
  <datafield tag="856" ind1="4" ind2="2">
   <subfield code="u">https://knihovna.vse.cz/zdroje/emerald-ebooks/</subfield>
   <subfield code="y">Informace o práci s e-knihami</subfield>
  </datafield>
  <datafield tag="BAS" ind1=" " ind2=" ">
   <subfield code="a">EMERALD</subfield>
  </datafield>
  <datafield tag="BAS" ind1=" " ind2=" ">
   <subfield code="a">EB</subfield>
  </datafield>
  <datafield tag="993" ind1=" " ind2=" ">
   <subfield code="x">NEPOSILAT</subfield>
   <subfield code="y">EB</subfield>
  </datafield>
 </record>
</collection>
